000 00245nam a2200097Ia 4500
001 640852
005 20250826153455.0
008 250824s9999 xx 000 0 und d
245 0 _aÜÇ KITA SULTANLARI
_cSEVİNÇ KUŞOĞLU
260 _bGENÇ TİMAŞ
999 _c640852
_d640852